| 000 | 00544nam a2200181 i 4500 | ||
|---|---|---|---|
| 001 | bgj | ||
| 100 | 1 | _aRühmkorf, Peter. | |
| 245 | 1 | 0 |
_aDintemann und Schindemann : _bAufgeklärte Märchen / _cPeter Rühmkorf. |
| 260 |
_aLeipzig : _bVerlag Philipp Reclam, _c1985. |
||
| 300 |
_a198, [1] S. ; _c18 cm. |
||
| 490 | 1 | _aReclams Universal-Bibliothek. Beletristik | |
| 650 | 9 | _aBeletristik | |
| 830 | 0 |
_aReclams Universal-Bibliothek. _pBeletristik |
|
| 040 | _cBPK | ||
| 041 | 0 | _ager | |
| 942 | _cKS | ||
| 008 | s gw f |000 0 ger | ||
| 999 |
_c50509 _d50509 |
||
| 856 |
_uhttp://koha.tu.koszalin.pl/cgi-bin/koha/opac-detail.pl?biblionumber=50509 _yKatalog online BPK |
||